书目信息 |
| 题名: |
新校九卷本阳春白雪
|
|
| 作者: | 杨朝英 选 ;隋树森 校订 | |
| 分册: | ||
| 出版信息: | 北京 中华书局出版社 1957.11 |
|
| 页数: | 208页 | |
| 开本: | 20cm | |
| 丛书名: | ||
| 单 册: | ||
| 中图分类: | I222.9 | |
| 科图分类: | ||
| 主题词: | 诗歌--中国 , 韵文--中国 | |
| 电子资源: | ||
| ISBN: | 7-101-00157-2 | |
| 000 | 00676nam0 2200229 45 | |
| 001 | 0312221749 | |
| 005 | 20040418093514.7 | |
| 010 | @a7-101-00157-2@dCNY1.20 | |
| 091 | @a10018.26 | |
| 100 | @a20031222d1957 km y0chiy0120 ea | |
| 101 | @achi | |
| 105 | @a z 000yy | |
| 200 | 1 | @a新校九卷本阳春白雪@AXin Xiao Jiu Juan Ben Yang Chun Bai Xue@f(元)杨朝英选@F(Yuan)Yang Chao Ying Xuan@g隋树森校订 |
| 210 | @a北京@c中华书局出版社@d1957.11 | |
| 215 | @a208页@d20cm | |
| 606 | 0 | @a诗歌@x中国 |
| 606 | 0 | @a韵文@x中国 |
| 690 | @aI222.9@v3 | |
| 701 | 0 | @a杨朝英@4选 |
| 702 | 0 | @a隋树森@ASui Shu Sen@4校订 |
| 801 | @aCN@bTSTCL@c20031222 | |
| 905 | @f2@b218358-359@dI222.9@e334 | |
| 新校九卷本阳春白雪/(元)杨朝英选/隋树森校订.-北京:中华书局出版社,1957.11 |
| 208页;20cm |
| ISBN 7-101-00157-2:CNY1.20 |
| ● |
| 相关链接 |
|
|
|
|
正题名:新校九卷本阳春白雪
索取号:I222.9/334
 
预约/预借
| 序号 | 登录号 | 条形码 | 馆藏地/架位号 | 状态 | 备注 |
| 1 | 0021359 | 000757309 | 第二借阅区/ [索取号:I222.9/334] | 在馆 | |
| 2 | 0218358 | 000757345 | 密集书库/ [索取号:I222.9/334] | 在馆 | |
| 3 | 0218359 | 000757309 | 第二借阅区/ [索取号:I222.9/334] | 在馆 | |
| 4 | 0218369 | 000757381 | 第一样本阅览室/ [索取号:I222.9/334] | 在馆 |